Loading...

Mithum fantaciyum malayala cherukadhayil: Sethu ,Punthil Kunjabdulla ennivarude kadhakale aspadamakkiyulla padanam/

Bibliografiske detaljer
Hovedforfatter: Athira,A
Format: Dissertation
Sprog:Malayalam
Udgivet: Calicut University: Department of Malayalam, 2015.
LEADER 00498nam a22001097a 4500
008 170524b xxu||||| |||| 00| 0 mal d
100 |a Athira,A. 
245 |a Mithum fantaciyum malayala cherukadhayil:  |b Sethu ,Punthil Kunjabdulla ennivarude kadhakale aspadamakkiyulla padanam/  |c Athira,A. 
260 |a Calicut University:   |b Department of Malayalam,  |c 2015. 
942 |c PD 
999 |c 236117  |d 236117 
952 |0 0  |1 0  |4 0  |6 201_000000000000000  |7 0  |9 262094  |a MAL  |b MAL  |c ST1  |d 2017-05-24  |l 0  |o 201  |p MALNB712  |r 2017-05-24  |w 2017-05-24  |y PD